Linda's lie

Bibliographic Details
Main Author: Ashley, Bernard
Corporate Author: Duchesne, Janet illustrated by
Format: Book
Published: Great Britain : Julia MacRae Books , 1989
Subjects:

MARC

LEADER 00000cam a2200000 7i4500
001 0000003906
002 000004207
005 20000330.0
020 |a 0862030994 
090 0 0 |a JF   |b ASH 
100 1 |a Ashley, Bernard 
245 1 0 |a Linda's lie   |c Bernard Ashley ; illustrated by Janet Duchesne 
260 |a Great Britain :   |b Julia MacRae Books ,   |c 1989 
300 |a 44p. :   |b ill ;   |c 20cm. 
650 0 0 |a Children's stories 
710 1 |a Duchesne, Janet illustrated by 
999 |a 032488   |b BUKU   |c PINJAMAN   |e PERPUSTAKAAN KOMUNITI PETALING JAYA